000 006200000a22001810004500
003 MACL
005 20160422120115.0
008 160422b xxu||||| |||| 00| 0 eng d
040 _aMACL
_cMACL
041 _aHindi
082 _a415
100 _aशुक्‍ल उपेश चन्‍द्र
_953299
245 _aहिन्‍दी व्‍याकरण
_bरस-छंद-अलंकार सहित
260 _bगंगा डिस्‍ट्रीब्‍यूटर्स
_c2005
_aनई दिल्‍ली
350 _a175
650 _aGrammer
_953300
942 _cHIN
_k415
_2ddc
999 _c18923
_d18923